| 000 | 00385nam a22001457a 4500 | ||
|---|---|---|---|
| 003 | MACL | ||
| 005 | 20210905135352.0 | ||
| 008 | 210905b |||||||| |||| 00| 0 eng d | ||
| 040 | _cMACL | ||
| 100 |
_aUnique Pub. _980995 |
||
| 245 | _aA Complete Resource Manual CAT Examination | ||
| 260 |
_aNew Delhi _bUnique Publication _c2019 |
||
| 650 |
_aManagemnet _980996 |
||
| 942 |
_2ddc _cBK |
||
| 999 |
_c64202 _d64202 |
||